000 00376nam a22001577a 4500
003 OSt
008 250529b |||||||| |||| 00| 0 eng d
020 _a9788170771175
100 _aSHASTRI, Acharya Udyaveer
245 _aBharmasutar
250 _a1st
260 _aNew Delhi
_bVijay Kumar Govindram Hasanand
_c2024
300 _a800
650 _aGeneral
942 _2ddc
_cBK
999 _c13614
_d13614